ALL Laufey Songs - Statistics

General Stats
  • This quiz has been taken 1,107 times
  • The average score is 64 of 97
Answer Stats
Songs % Correct
From The Start
94%
From The Start
94%
From The Start
94%
Bewitched
91%
Bewitched
91%
Bewitched - Rework
91%
Goddess
87%
Goddess
87%
Valentine
85%
Valentine
85%
Valentine - Live
85%
Valentine - Live at The Symphony
85%
Valentine - Live at The Symphony
85%
Street by Street
84%
Street by Street
84%
Falling Behind
83%
Falling Behind - Live
83%
Falling Behind - Live at The Symphony
83%
Promise
81%
Promise
81%
Dreamer
80%
Dreamer
80%
Bored
79%
James
77%
Magnolia
77%
Best Friend
76%
Best Friend - Live at The Symphony
76%
Fragile
76%
Fragile - Live
76%
Fragile - Live at The Symphony
76%
Lovesick
75%
Lovesick
75%
Everything I Know About Love
74%
Everything I Know About Love
74%
Everything I Know About Love - Live
74%
Letter To My 13 Year Old Self
74%
Letter To My 13 Year Old Self
74%
Above The Chinese Restaurant
72%
Haunted
72%
Haunted
72%
California and Me
71%
California and Me
71%
Second Best
70%
Second Best
70%
I Wish You Love
69%
I Wish You Love - Live at The Symphony
69%
Let You Break My Heart Again
69%
Let You Break My Heart Again - Live
69%
Let You Break My Heart Again - Live at The Symphony
69%
Misty
69%
Misty
69%
Like the Movies
68%
Like the Movies - Live at The Symphony
68%
Beautiful Stranger
67%
Beautiful Stranger - Live at The Symphony
67%
Serendipity
67%
Serendipity
67%
Hi
66%
A Night To Remember
65%
While You Were Sleeping
63%
While You Were Sleeping
63%
Night Light
62%
Night Light - Live at The Symphony
62%
Trouble
61%
Nocturne (Interlude)
60%
Nocturne (Interlude)
60%
Must Be Love
59%
Must Be Love
59%
Just Like Chet
58%
It Could Happen To You
57%
Someone New
57%
Someone New
57%
Winter Wonderland
57%
Winter Wonderland
57%
Dear Soulmate
56%
Dear Soulmate - Live
56%
Dear Soulmate - Live at The Symphony
56%
Love To Keep Me Warm
52%
Love to Keep Me Warm
52%
Questions For The Universe
52%
Slow Down
51%
Dance With You Tonight
49%
What Love Will Do to You
49%
What Love Will Do to You - Live at The Symphony
49%
I've Never Been In Love Before
47%
The Christmas Waltz
47%
Christmas Dreaming
45%
Lucky for Me
45%
Love Flew Away
44%
This Is How It Feels (with Laufey)
42%
No One Knows (with Laufey)
35%
The Nearness of You - Live at The Symphony
34%
Everytime We Say Goodbye - Live at The Symphony
31%
Ain't Christmas
29%
Ég Veit Þú Kemur - Live at The Symphony
26%
Have Yourself A Merry Little Christmas
23%
Better Than Snow
22%
No matching quizzes found
Score Distribution
Percent of People with Each Score
Percentile by Number Answered
Your Score History
You have not taken this quiz